Catholic University of Zimbabwe Library
Online Public Access Catalogue
(OPAC)

Stained earth : (Record no. 5436)

MARC details
000 -LEADER
fixed length control field 00532cam a22001817a 4500
001 - CONTROL NUMBER
control field 0000005653
005 - DATE AND TIME OF LATEST TRANSACTION
control field 20170406120903.0
008 - FIXED-LENGTH DATA ELEMENTS--GENERAL INFORMATION
fixed length control field 050719s2004 rh 000 0 eng
010 ## - LIBRARY OF CONGRESS CONTROL NUMBER
LC control number 2005616895
020 ## - INTERNATIONAL STANDARD BOOK NUMBER
International Standard Book Number 1779220324
040 ## - CATALOGING SOURCE
Original cataloging agency DLC
Transcribing agency DLC
050 00 - LIBRARY OF CONGRESS CALL NUMBER
Classification number MLCS 2005/03672 (P)
100 1# - MAIN ENTRY--PERSONAL NAME
Personal name Huggins, Derek.
245 10 - TITLE STATEMENT
Title Stained earth :
Remainder of title a collection of short stories /
Statement of responsibility, etc. by Derek Huggins.
260 ## - PUBLICATION, DISTRIBUTION, ETC.
Place of publication, distribution, etc. Avondale, Harare :
Name of publisher, distributor, etc. Weaver Press,
Date of publication, distribution, etc. 2004.
300 ## - PHYSICAL DESCRIPTION
Extent xii, 149 ;
Dimensions 21 cm.
852 1# - LOCATION
-- p9.00usd
908 ## - PUT COMMAND PARAMETER (RLIN)
Put command parameter 150115
Holdings
Withdrawn status Lost status Source of classification or shelving scheme Damaged status Not for loan Home library Current library Shelving location Date acquired Total Checkouts Full call number Barcode Date last seen Copy number Price effective from Koha item type Source of acquisition Collection code
          CUZ Harare Campus CUZ Harare Campus Open Shelf 06.04.2017   MLCS 003672. p BK0006782 22.05.2025 CU12899 06.04.2017 OS Book    
          CUZ Harare Campus CUZ Harare Campus Open Shelf 26.09.2021     BK009138 26.10.2021 CU14283 26.10.2021   Donation  
          CUZ Harare Campus CUZ Harare Campus Open Shelf 26.09.2021     BK009136 26.10.2021 CU14282 26.10.2021   Donation  
          CUZ Harare Campus CUZ Harare Campus Open Shelf       BK009141 26.10.2021   26.10.2021   Donation Non-fiction
          CUZ Harare Campus CUZ Harare Campus Open Shelf 26.09.2021     BK009144 26.10.2021   26.10.2021   Donation Non-fiction

OPENING HOURS

Weekdays: 0815hrs - 1800hrs
Weekends:0900hrs - 1200hrs

Closed for Mass:

Mon, Thur: 1200hrs - 1300hrs
Sunday & Public Holiday’s

CALL SUPPORT

0242-570570, 0242-570169
09200664, +263 8644140602

LOCATION

18443, Cranborne Avenue, Hatfield, Harare

Other Links


©2021 | CUZ Library